We celebrate Gods love III : the church and sacrament (Record no. 8577)

MARC details
000 -LEADER
fixed length control field 00623nam a22001937a 4500
003 - CONTROL NUMBER IDENTIFIER
control field OSt
005 - DATE AND TIME OF LATEST TRANSACTION
control field 20260226062129.0
008 - FIXED-LENGTH DATA ELEMENTS--GENERAL INFORMATION
fixed length control field 260226b |||||||| |||| 00| 0 eng d
020 ## - INTERNATIONAL STANDARD BOOK NUMBER
International Standard Book Number 971-07-2222-0
040 ## - CATALOGING SOURCE
Original cataloging agency DWCL-Main Lib
Transcribing agency OC
082 ## - DEWEY DECIMAL CLASSIFICATION NUMBER
Classification number Fil. 265 W361 2003
100 ## - MAIN ENTRY--PERSONAL NAME
Personal name Aguire, Rodel M. ...[ET.AL.]
245 ## - TITLE STATEMENT
Title We celebrate Gods love III : the church and sacrament
260 ## - PUBLICATION, DISTRIBUTION, ETC.
Place of publication, distribution, etc. City :
Name of publisher, distributor, etc. Vibal Pub.,
Date of publication, distribution, etc. c2003.
300 ## - PHYSICAL DESCRIPTION
Extent vi , 330 p. :
Other physical details ill. ;
Dimensions 26 cm.
490 ## - SERIES STATEMENT
Series statement Cristian Living Series
650 ## - SUBJECT ADDED ENTRY--TOPICAL TERM
Topical term or geographic name entry element Church and sacraments - Study and teaching (Secondary) - Philippines.
942 ## - ADDED ENTRY ELEMENTS (KOHA)
Source of classification or shelving scheme Dewey Decimal Classification
Koha item type Book-Filipiniana
Call number suffix Fil.
Suppress in OPAC No
952 ## - LOCATION AND ITEM INFORMATION (KOHA)
--
952 ## - LOCATION AND ITEM INFORMATION (KOHA)
--
Holdings
Withdrawn status Lost status Source of classification or shelving scheme Damaged status Not for loan Home library Current library Shelving location Date acquired Source of acquisition Total Checkouts Full call number Barcode Date last seen Copy number Price effective from Koha item type Uniform Resource Identifier
    Dewey Decimal Classification     Junior High School Library Junior High School Library Filipiniana 06/01/2010 Donation   Fil.265 W361 2003 JHS - 15595 02/26/2026 c2 02/26/2026 BK - FIL
    Dewey Decimal Classification     Junior High School Library Junior High School Library Filipiniana 06/01/2010 Donation   Fil.265 W361 2003 JHS - 15040 02/26/2026 c1 02/26/2026 BK - FIL